000 00932nam a22003017a 4500
003 CHAP
005 20220329134557.0
008 971013s1953 r 00010 d
010 _a22441
011 _a23413
035 _a27509
040 _cCHAP
082 _a633.61
_bB69
100 0 0 _aBox, Harold E.
_914855
245 _aList of sugar-cane insects
260 _aLondon :
_bCommonwealth Institute of Entomology,
_c1953
300 _a100 p.
590 _aBATCH-UPD
_b10
_c20130109
_lUCH01
_h2341
590 _aBATCH-UPD
_b10
_c20130110
_lUCH01
_h2325
590 _aBATCH-UPD
_b10
_c20130409
_lUCH01
_h1910
590 _aBATCH-UPD
_b10
_c20130914
_lUCH01
_h0835
590 _aCONVERSION
_b10
_c20130109
_lUCH01
_h1313
650 1 4 _aCaña de azúcar
_xPlagas
_xBibliografía.
_918637
650 1 4 _aEntomología económica.
_937145
901 _aBK
942 _cLIBRO
949 _a633.61 B69
_bBC
_cC
_d33724000647277
_eC
_h69311
_i27509
_si
999 _c22441
_d22441